| 000 | 00402nam a22001577a 4500 | ||
|---|---|---|---|
| 003 | OSt | ||
| 008 | 250424b |||||||| |||| 00| 0 eng d | ||
| 020 | _a9789815129380 | ||
| 082 | _a621.31 MAB | ||
| 100 | _aMANIAM,Subashani | ||
| 245 | _aBatteries the Future of Energy Storage | ||
| 260 |
_aSingapore _bJenny stanford Publishing pte. ltd |
||
| 300 | _a301 | ||
| 650 | _aBatteries | ||
| 942 |
_2ddc _cREF |
||
| 999 |
_c13425 _d13425 |
||